| 000 | 00841cab a2200289 4500 | ||
|---|---|---|---|
| 001 | ABS56641 | ||
| 008 | 090401t1996 xxu||||| |||| 00| 0 eng d | ||
| 035 | _a(Sirsi) u24997 | ||
| 041 | _aeng | ||
| 100 | _aFrench, N. | ||
| 245 | _aInvestment valuation: developments from the Mallinson report | ||
| 260 | _c1996 | ||
| 350 | _a0 | ||
| 490 |
_aJournal of Property Valuation and Investment _v14 (5) 1996, 48-58(11) |
||
| 520 | _aFollow-up study to the 1994 Mallinson Report published by the RICS. | ||
| 650 | _aDCF | ||
| 650 | _aINVESTMENT VALUATION | ||
| 650 | _aMALLINSON REPORT | ||
| 650 | _aRICS APPRAISAL AND VALUATION MANUAL | ||
| 650 | _aRICS | ||
| 650 | _aVALUATION METHODOLOGY | ||
| 650 | _aVALUATION METHODS | ||
| 650 |
_aValuation _96273 |
||
| 690 | _aRATING AND VALUATION | ||
| 942 | _n0 | ||
| 948 | _c04/03/1997 | ||
| 999 |
_c16765 _d16765 |
||